| 000 | 00746nam a2200241 a 4500 | ||
|---|---|---|---|
| 001 | 972246 | ||
| 003 | ARRUPE | ||
| 005 | 20150401151604.0 | ||
| 008 | 850917s1986 nyu 000 0 eng | ||
| 010 | _a 85062875 | ||
| 020 |
_a0809127644 (pbk.) : _c$3.95 |
||
| 040 |
_aDLC _cDLC _dDLC |
||
| 050 | 0 | 0 |
_aBX1961 _b.P47 1986 |
| 082 | 0 | 0 |
_a238/.11 _219 |
| 100 | 1 |
_aPerkins, Pheme. _916887 |
|
| 245 | 1 | 0 |
_aWhat we believe : _ba biblical catechism of the Apostles' Creed / _cby Pheme Perkins. |
| 260 |
_aNew York : _bPaulist Press, _cc1986. |
||
| 300 |
_avi, 134 p. ; _c21 cm. |
||
| 610 | 2 | 0 |
_aCatholic Church _xCatechisms. _9288 |
| 630 | 0 | 0 |
_aApostles' Creed. _916888 |
| 906 |
_a7 _bcbc _corignew _d3 _eopcn _f19 _gy-gencatlg |
||
| 942 |
_2lcc _cMONOGRAPH |
||
| 999 |
_c122571 _d122571 |
||